000 00582nam a2200205Ia 4500
001 910
003 GE_BSU
008 181216s||||||||xx |||||||||||||| ||und||
020 _a5713309983
040 _cGE_BSU
080 _a327(100),,1945/1955
245 _aМировая политика после 1945 года в 2-х томах. Кн.1
260 _aМосква
260 _bМеждународные отношения
260 _c2000
300 _a592стр.
541 _h15л.
653 _aМировая политика после 1945 года
942 _cBK
999 _c35069
_d35069